Score 0/26 Timer 03:00
0 Plays Today
Hint 4-Letter Word % Correct
Sound a clock (part one)TICK
91.6%
Street name for cocaineBLOW
90.7%
Where the coin goes in a machineSLOT
90.4%
Sound a clock (part two)TOCK
90.4%
Mr. JaggerMICK
90.2%
Small rodentsMICE
89.5%
Chimney residueSOOT
88.6%
____ WormGLOW
87.3%
Sound a hornTOOT
86.1%
Female horseMARE
85.9%
Obtained the possession ofTOOK
84.8%
Exhaled into a trumpetBLEW
84.8%
Glow ____WORM
84.2%
Hint 4-Letter Word % Correct
Partner of an animalMATE
82.2%
Minute arachnid that infests foodstuffMITE
80.6%
At a fairly high temperatureWARM
80.1%
Pottery, typically that of a specified typeWARE
75.3%
Run away quicklyFLEE
69.1%
Wingless bloodsucking parasitic insectFLEA
68.6%
Statement by a defendantPLEA
67.1%
Chimney for conveying smokeFLUE
60.2%
Tough-skinned garden pestSLUG
56.6%
Work doggedly or persistentlySLOG
56.4%
Common person (from the lower classes)PLEB
52.3%
Elevation of the skinBLEB
48.7%
Turn sharply; change direction abruptlySLUE
45.1%

Today's Daily Dose

Remove Ads.
Support Sporcle.
Get the best of Sporcle when you Go Orange. This ad-free experience offers more features, more stats, and more fun while also helping to support Sporcle. Thank you for becoming a member.

You're not logged in!

Compare scores with friends on all Sporcle quizzes.
OR
Log In

Show Comments

Extras

Top Quizzes Today


Score Distribution

Your Account Isn't Verified!

In order to create a playlist on Sporcle, you need to verify the email address you used during registration. Go to your Sporcle Settings to finish the process.

Report this User

Report this user for behavior that violates our Community Guidelines.

Details: